000 00375nam a2200145Ia 4500
008 230917s9999||||xx |||||||||||||| ||und||
040 _e115584
_aMAIN
041 _aEnglish
082 _a338.521 D969M
100 _aDwivedi, D N
245 0 _aMicroeconomics : Theory & applications
260 _aNew Delhi
_bPearson Education
_c2006
300 _axix, 624 p.
942 _cBK
999 _c145814
_d145814